LEADER 01097nam a2200229 u 4500 001 000000110642 003 CaOOAMICUS 005 20080313142053.0 008 080313s1987 gw a u000 u ger u 020 $a3-7954-0147-X 040 $aPUL$bita$dLDB 245 00$aMakromolekulare Chemie. Das Werk Hermann Staudingers in seiner heutigen Bedeutung /$cErnst Jostkleigrewe (hrsg.) ; mit Beiträge von Magda Staudinger ... [et al.]. 260 $aMünchen ;$aZürich :$bSchnell & Steiner,$c1987. 300 $a83 p. :$bill. ;$c20 cm. 650 14$aChimica.$0(OLS)http://pul/subject/22633 700 1 $aJostkleigrewe, Ernst.$0(OLS)http://pul/name/67828 850 $aPUL 852 $aPUL$W1$xDP1 Filosofia 1$y19$m749 C 12$j126756$qStampati$B125481$CPULBib$Z2$F125481 $H58312 $82 941 1 $a8 996 $6020$a3-7954-0147-X$9(OLS)http://pul/number/137519 996 $6245$aMakromolekulare Chemie. Das Werk Hermann Staudingers in seiner heutigen Bedeutung$9(OLS)http://pul/title/139140 996 $6260$aMünchen ;$aZürich :$bSchnell & Steiner$9(OLS)http://pul/publisher/61363 LEADER 01397nam a2200301 a 4500 001 000000121390 003 CaOOAMICUS 005 20100427093540.0 008 100427t2008 it u000 u ita r 020 $a978-88-596-0487-7 040 $aPUL$bita$dReb 082 04$a270.8 100 1 $aPaolini, Gabriele.$0(OLS)http://pul/name/76008 245 10$aOffensive di pace :$bla Santa Sede e la prima guerra mondiale /$cGabriele Paolini ; prefazione di Francesco Margiotta Broglio. 260 $aFirenze :$bEdizioni Polistampa,$c©2008. 300 $a449 p. ;$c24 cm. 490 1 $aBiblioteca della nuova antologia ;$v29 504 $aBibliografia p. 421-439. 610 14$aSanta Sede$xConflitto mondiale$y1915-1918.$0(OLS)http://pul/subject/36770 700 1 $aMargiotta Broglio, Francesco.$0(OLS)http://pul/name/5535 830 0$aBiblioteca della nuova antologia ;$v29.$0(OLS)http://pul/title/152722 850 $aPUL 852 $aPUL$W1$xSL Religione 3$y85$m270. 8 PAOGA 1$j139250$qDDC 21$B138465$CPULBib$Z2$F138465 $H113277 $82 941 1 $a9 996 $6020$a978-88-596-0487-7$9(OLS)http://pul/number/144009 996 $6082$a270.8$9(OLS)http://pul/classification/399 996 $6245$aOffensive di pace :$bla Santa Sede e la prima guerra mondiale$9(OLS)http://pul/title/152723 996 $6260$aFirenze :$bEdizioni Polistampa$9(OLS)http://pul/publisher/81285